[Event "Mediterranean Open"]
[Site "Rijeka CRO"]
[Date "2008.11.30"]
[Round "3"]
[White "Sulava,N"]
[Black "Georgiadis,I"]
[Result "1/2-1/2"]
[WhiteElo "2497"]
[BlackElo "2364"]

1.d4 Nf6 2.Nf3 e6 3.g3 d5 4.c4 Be7 5.Bg2 O-O 6.Qc2 c5 7.dxc5 Qa5+ 8.Qc3 Qxc5
9.cxd5 Nxd5 10.Qxc5 Bxc5 11.Bd2 Nc6 12.Nc3 Nxc3 13.Bxc3 Bd7 14.O-O Rfd8 15.Rfd1 Be8
16.Ne5 Rxd1+ 17.Rxd1 Rd8 18.Nd3 Kf8 19.Kf1 f6 20.Rc1 Bd6 21.Bd2 Ke7 22.Be3 Rc8
23.b4 a6 24.a3 Bd7 25.Nc5 Bxc5 26.Bxc5+ Ke8 27.Rd1 a5 28.f4 axb4 29.axb4 b6
30.Bd6 Ne7 31.Be4 Nf5 32.Kf2  1/2-1/2

[Event "34th ch-ISR"]
[Site "Haifa ISR"]
[Date "2008.12.02"]
[Round "2"]
[White "Caspi,I"]
[Black "Huzman,A"]
[Result "1/2-1/2"]
[WhiteElo "2408"]
[BlackElo "2590"]

1.d4 Nf6 2.c4 e6 3.Nf3 d5 4.g3 Be7 5.Bg2 O-O 6.O-O dxc4 7.Qc2 a6 8.Qxc4 b5
9.Qc2 Bb7 10.Bd2 Bd6 11.Rd1 Nbd7 12.Bg5 Qb8 13.Nbd2 Rc8 14.Bxf6 Nxf6 15.Nb3 Be4  1/2-1/2

[Event "Mediterranean Open"]
[Site "Rijeka CRO"]
[Date "2008.12.02"]
[Round "5"]
[White "Cvitan,O"]
[Black "Georgiadis,I"]
[Result "1-0"]
[WhiteElo "2541"]
[BlackElo "2364"]

1.Nf3 Nf6 2.c4 e6 3.g3 d5 4.d4 Be7 5.Bg2 O-O 6.O-O dxc4 7.Qc2 a6 8.a4 Bd7
9.Rd1 Bc6 10.Nc3 Bb4 11.Bg5 Bxc3 12.Bxf6 Qxf6 13.bxc3 Bxf3 14.Bxf3 Nc6 15.a5 e5
16.Qa4 exd4 17.Bxc6 Qxc6 18.Qxc6 bxc6 19.Rxd4 Rfe8 20.Rxc4 Rxe2 21.Rxc6 g6
22.Rxc7 Rb8 23.Ra4 Re5 24.Ra7 Re6 25.Rf4 Rf8 26.h4 Kg7 27.g4 h6 28.c4 Rc6
29.Kg2 g5 30.hxg5 hxg5 31.Rf5 Rxc4 32.Rxg5+ Kh6 33.Rh5+ Kg7 34.Kg3 Rc6 35.Rg5+ Kf6
36.Rd5 Ke6 37.Rh5 f6 38.Rh1 Rg8 39.f3 Rg6 40.Re1+ Kd6 41.Kf4 Rg5 42.Rf7 Kd5
43.Rd7+  1-0

[Event "It"]
[Site "Sisak CRO"]
[Date "2008.12.03"]
[Round "6"]
[White "Tibensky,R"]
[Black "Kostanjsek,Z"]
[Result "1-0"]
[WhiteElo "2391"]
[BlackElo "2210"]

1.d4 Nf6 2.Nf3 d5 3.c4 e6 4.g3 Be7 5.Bg2 O-O 6.O-O dxc4 7.Na3 c5 8.Nxc4 a6
9.Bd2 Nfd7 10.dxc5 Bxc5 11.b4 Be7 12.a4 b6 13.e4 Bb7 14.Qe2 Nf6 15.Nfe5 Nbd7
16.Nd3 e5 17.Rfd1 Rc8 18.Ndxe5 Nxe5 19.Nxe5 Rc2 20.Rac1 Rxc1 21.Bxc1 Qa8
22.Nc4 Bxb4 23.Nxb6 Qe8 24.Qc4 Ba5 25.Nd5 Nxd5 26.exd5 Qd7 27.d6 Rc8 28.Qd4 Bxg2
29.Kxg2 Bc3 30.Qe4 Bf6 31.h4 h6 32.Bf4 Re8 33.Qc2 Rc8 34.Qb3 Rc3 35.Qd5 Rc6
36.Rb1 Kh7 37.h5 g5 38.hxg6+ Kxg6 39.a5 Bd8 40.Rb8 Bc7 41.Rb7 Rc3 42.Kh2 f5
43.Qg8+ Kh5 44.Rxc7 Qb5 45.Rxc3 Qb1 46.g4+ fxg4  1-0

[Event "34th ch-ISR"]
[Site "Haifa ISR"]
[Date "2008.12.04"]
[Round "3"]
[White "Huzman,A"]
[Black "Zilberman,Y"]
[Result "1-0"]
[WhiteElo "2590"]
[BlackElo "2447"]

1.d4 Nf6 2.c4 e6 3.Nf3 d5 4.g3 Be7 5.Bg2 O-O 6.O-O Nbd7 7.Qc2 c6 8.Nbd2 b6
9.e4 Bb7 10.e5 Ne8 11.cxd5 cxd5 12.Re1 Rc8 13.Qa4 a6 14.Bf1 Nc7 15.Bd3 a5
16.Nf1 Ba6 17.Bb1 Re8 18.a3 Nb5 19.Qd1 Na7 20.h4 Nc6 21.N1h2 Nf8 22.Bg5 Rc7
23.Ng4 Qd7 24.Qd2 h5 25.Nf6+ gxf6 26.Bxf6 Ng6 27.Qh6 Bf8 28.Qxh5 Nxd4 29.Ng5  1-0

[Event "Snowdrops vs Old-hands"]
[Site "Marianske Lazne CZE"]
[Date "2008.12.04"]
[Round "6"]
[White "Cmilyte,V"]
[Black "Karpov,Ana"]
[Result "1/2-1/2"]
[WhiteElo "2512"]
[BlackElo "2651"]

1.d4 d5 2.c4 e6 3.Nf3 Nf6 4.g3 Be7 5.Bg2 O-O 6.O-O dxc4 7.Qc2 a6 8.Qxc4 b5
9.Qc2 Bb7 10.Bg5 Nbd7 11.Bxf6 Nxf6 12.Nbd2 Rc8 13.Nb3 c5 14.dxc5 Bd5 15.Rac1 Nd7
16.Qd3 Nxc5 17.Nxc5 Rxc5 18.Rxc5 Bxc5 19.Ne5 Qd6 20.Bxd5 Qxe5 21.Bb7 a5 22.b3 g6
23.e3 Be7 24.a4 bxa4 25.bxa4 Rd8 26.Qc2 Kg7 27.Bf3 Rd7 28.Rd1 Rc7 29.Qd3 Bf6
30.Rb1 h5 31.Kg2 Qc3  1/2-1/2

[Event "Mediterranean Open"]
[Site "Rijeka CRO"]
[Date "2008.12.04"]
[Round "7"]
[White "Surov,E"]
[Black "Sandalakis,A"]
[Result "0-1"]
[WhiteElo "1960"]
[BlackElo "2376"]

1.d4 Nf6 2.Nf3 e6 3.c4 d5 4.g3 Be7 5.Bg2 O-O 6.O-O dxc4 7.Qc2 a6 8.Qxc4 b5
9.Qc2 Bb7 10.Bd2 Nbd7 11.Ba5 Bd6 12.Nbd2 Qe8 13.e4 e5 14.d5 Rc8 15.Qd3 c6
16.dxc6 Rxc6 17.a3 Qb8 18.Nb3 Re8 19.Nfd2 Nf8 20.a4 Ba8 21.axb5 axb5 22.Nb1 b4
23.N1d2 Bb7 24.Rfc1 Ba6 25.Qe3 Rec8 26.Bh3 Ne6 27.Bxe6 fxe6 28.Rxc6 Rxc6
29.Rc1 Rxc1+ 30.Nxc1 Nd7 31.Ncb3 Qb5 32.Qg5 Nf8 33.Qd8 Bc5 34.Nxc5 Qxc5 35.Qb6 Qc2
36.Kg2 Qxd2 37.Qxa6 Qxb2 38.Qc4 b3 39.Kf3 Qc2 40.Qxc2 bxc2 41.Bd2 Nd7 42.Bc1 Nc5
43.Ba3 Nb3 44.Ke3 Kf7 45.f4 exf4+ 46.gxf4 c1=Q+ 47.Bxc1 Nxc1  0-1

[Event "TCh-SLO"]
[Site "Murska Sobota SLO"]
[Date "2008.12.07"]
[Round "2"]
[White "Skoberne,J"]
[Black "Grosar,A"]
[Result "1-0"]
[WhiteElo "2501"]
[BlackElo "2417"]

1.c4 Nf6 2.g3 e6 3.Nf3 d5 4.d4 Be7 5.Bg2 O-O 6.Qc2 dxc4 7.Nbd2 c5 8.dxc5 Bxc5
9.Nxc4 Nc6 10.O-O Qe7 11.a3 e5 12.b4 Nd4 13.Nxd4 Bxd4 14.Bb2 Bg4 15.e3 Bxb2
16.Qxb2 e4 17.h3 Bd7 18.Rfd1 Rfd8 19.Rd4 Ba4 20.Rb1 Rac8 21.b5 Qc5 22.Rxd8+ Rxd8
23.Qb4 Qxb4 24.Rxb4 Bc2 25.b6 axb6 26.Rxb6 Rd1+ 27.Kh2 h5 28.Rxb7 Bd3 29.Ne5 Ra1
30.Nxf7 Kh7 31.Rb4 Ra2 32.Ng5+ Kh6 33.Bxe4 Bxe4 34.Nxe4 Nxe4 35.Rxe4 Rxf2+
36.Kg1 Ra2 37.a4 g5 38.Kf1 Kg6 39.g4 h4 40.Re6+ Kf7 41.Re5 Rxa4 42.Rxg5 Ra1+
43.Ke2 Rh1 44.Rf5+ Ke6 45.Rf3 Rh2+ 46.Kd3 Ke5 47.g5 Rg2 48.Rf4 Rxg5 49.Rxh4 Rf5
50.Rf4 Kd5 51.Rg4 Rh5 52.h4 Ke6 53.Ke4 Ra5 54.Kf4 Rf5+ 55.Kg3 Rf1 56.Rg5 Kf6
57.Ra5 Rg1+ 58.Kf4 Rf1+ 59.Ke4 Rh1 60.Rf5+ Ke6 61.Rf4 Rh3 62.Kd4 Rh1 63.e4 Re1
64.Rf5 Rh1 65.h5 Rd1+ 66.Ke3 Rh1 67.Ra5 Kf6 68.Rf5+ Ke6 69.Kf4 Rf1+ 70.Kg5 Rg1+
71.Kh6 Rg4 72.Rg5 Rxe4 73.Kg7 Rf4 74.h6 Ke7 75.h7 Rf7+ 76.Kh6 Rf6+ 77.Rg6  1-0

[Event "77th ch-UKR"]
[Site "Poltava UKR"]
[Date "2008.12.07"]
[Round "6"]
[White "Gasanov,E"]
[Black "Kravtsiv,M"]
[Result "0-1"]
[WhiteElo "2550"]
[BlackElo "2549"]

1.d4 Nf6 2.c4 e6 3.g3 d5 4.Nf3 Be7 5.Bg2 O-O 6.Qc2 dxc4 7.Qxc4 a6 8.Bf4 b5
9.Qxc7 Qxc7 10.Bxc7 Bb7 11.Nc3 Nbd7 12.O-O Rfc8 13.Bf4 b4 14.Nd1 Nb6 15.Ne3 Na4
16.b3 Nc3 17.Rfe1 a5 18.Nc4 Ra6 19.Nfe5 Bxg2 20.Kxg2 a4 21.bxa4 Nfd5 22.Nb2 Nxa4
23.Nxa4 Rxa4 24.Rec1 Rca8 25.Nc6 Bf8 26.Rab1 Nc3 27.Rb2 R8a6 28.Nxb4 Rxb4
29.Rxb4 Bxb4 30.Bd2 Ra3 31.e3 h6 32.Rc2 Ba5 33.Bxc3 Bxc3 34.h4 Kf8 35.Kf1 Ke7
36.Ke2 Kd6 37.Kd3 Ba5+ 38.Ke4 Bd8 39.Rb2 f5+ 40.Kf4 g5+ 41.hxg5 hxg5+ 42.Kf3 g4+
43.Kg2 Ba5 44.Kf1 Kc6 45.Kg2 Kd6 46.Kf1 Bc3 47.Rb6+ Kd5 48.Rb5+ Ke4 49.Kg2 Rxa2
50.Re5+ Kd3 51.Kf1 Ra1+ 52.Kg2 Ke2 53.Rc5 Bd2 54.Rc2 Kd3 55.Rc6 Bxe3 56.fxe3 Ra2+
57.Kg1 Kxe3 58.Rb6 Rd2 59.Kf1 Rxd4  0-1

[Event "68th ch-ITA"]
[Site "Martina Franca ITA"]
[Date "2008.12.09"]
[Round "7"]
[White "Brunello,S"]
[Black "Garcia Palermo,C"]
[Result "1-0"]
[WhiteElo "2455"]
[BlackElo "2459"]

1.d4 Nf6 2.c4 e6 3.g3 d5 4.Nf3 Be7 5.Bg2 O-O 6.O-O dxc4 7.Qc2 a6 8.Qxc4 b5
9.Qc2 Bb7 10.Bd2 Bd6 11.Bg5 Nbd7 12.Nbd2 h6 13.Bxf6 Qxf6 14.Ne5 Bxg2 15.Nxd7 Qxd4
16.Kxg2 Rfd8 17.Nf3 Qc4 18.Qxc4  1-0

[Event "XVIII Magistral"]
[Site "Elgoibar ESP"]
[Date "2008.12.12"]
[Round "1"]
[White "Franco Alonso,A"]
[Black "Cruz,Cr"]
[Result "1/2-1/2"]
[WhiteElo "2490"]
[BlackElo "2534"]

1.c4 Nf6 2.d4 e6 3.g3 d5 4.Bg2 Be7 5.Nf3 O-O 6.O-O dxc4 7.Qc2 a6 8.Qxc4 b5
9.Qc2 Bb7 10.Bf4 Bd6 11.Bg5 Nbd7 12.Nbd2 Be7 13.Rfd1 Rc8 14.Bxf6 Nxf6 15.Nb3 Be4
16.Qc1 Nd7 17.Qe3 Bd5 18.Rac1 Nb6 19.Nc5 Na4 20.Nxa4 bxa4 21.b3 axb3 22.axb3 Rb8
23.Rd3 Rb5 24.h4 Bd6 25.Nd2  1/2-1/2

[Event "TCh-ISR 2008-9"]
[Site "Israel ISR"]
[Date "2008.12.12"]
[Round "1"]
[White "Greenfeld,A"]
[Black "Zilberman,Y"]
[Result "1/2-1/2"]
[WhiteElo "2560"]
[BlackElo "2447"]

1.d4 Nf6 2.c4 e6 3.g3 d5 4.Bg2 Be7 5.Nf3 O-O 6.O-O Nbd7 7.Qc2 c6 8.Nbd2 b6
9.e4 Bb7 10.e5 Ne8 11.cxd5 cxd5 12.Re1 Rc8 13.Qd3 Nc7 14.h4 Ba6 15.Qb1 f6
16.exf6 Bxf6 17.Nf1 Nb5 18.Ng5 Bxg5 19.Bxg5 Nf6 20.Qd3 h6 21.Bf4 Rc4 22.b3 Rc3
23.Qd1 Rc6 24.Qd3 Rc3 25.Qd1 Rc6  1/2-1/2

[Event "ch-Nassau"]
[Site "Mineola USA"]
[Date "2008.12.15"]
[Round "9"]
[White "Romero,S"]
[Black "Chipkin,L"]
[Result "0-1"]
[WhiteElo "2047"]
[BlackElo "2061"]

1.Nf3 Nf6 2.g3 e6 3.c4 d5 4.d4 Be7 5.Bg2 O-O 6.O-O c6 7.Qc2 Nbd7 8.Rd1 Ne4
9.b3 f5 10.Nbd2 Qe8 11.Nxe4 fxe4 12.Ne5 Bd6 13.Bb2 Qh5 14.Nxd7 Bxd7 15.Rf1 Rf6
16.Bc1 Raf8 17.f3 e5 18.g4 Qh4  0-1

[Event "8th Amplico AIG Life Rapid"]
[Site "Warsaw POL"]
[Date "2008.12.20"]
[Round "2"]
[White "Kveinys,A"]
[Black "Swiech,Pr"]
[Result "1-0"]
[WhiteElo "2533"]
[BlackElo "2119"]

1.d4 d5 2.Nf3 e6 3.c4 Be7 4.g3 Nf6 5.Bg2 O-O 6.O-O dxc4 7.Qc2 a6 8.Qxc4 b5
9.Qc2 Bb7 10.Bg5 Nc6 11.Rd1 Nb4 12.Qc1 Rc8 13.Bxf6 Bxf6 14.Nbd2 c5 15.dxc5 Qe7
16.Nb3 Be4 17.Nfd4 Bxg2 18.Kxg2 Rfd8 19.a3 Nc6 20.Nxc6 Rxc6 21.Qc2 Rxd1 22.Rxd1 Qc7
23.Rd3 a5 24.Qd2 a4 25.Nd4 Rxc5 26.Qb4 Rc4 27.Qxb5 h6 28.e3 e5 29.Nf5 Qc6+
30.Qxc6 Rxc6 31.Rd2 Kh7 32.Nd6 Kg6 33.Ne4 Be7 34.Nc3 Rc4 35.Nd5 Bc5 36.Kf3 e4+
37.Ke2 Rc1 38.Nc3 Bxa3 39.Nxa4 Bb4 40.Rd1 Rxd1 41.Kxd1 Kg5 42.h3 h5 43.Nc3 f5
44.h4+ Kg4 45.Ke2 Bd6 46.Nd5 Be5 47.b4 g5 48.hxg5 Kxg5 49.b5 h4 50.gxh4+ Kxh4
51.b6  1-0

[Event "ch-Paulista do Interior"]
[Site "Santos BRA"]
[Date "2008.12.21"]
[Round "6"]
[White "Coelho,L"]
[Black "Tsuboi,E"]
[Result "1/2-1/2"]
[WhiteElo "2398"]
[BlackElo "2368"]

1.d4 Nf6 2.c4 e6 3.g3 d5 4.Bg2 Be7 5.Nf3 O-O 6.O-O dxc4 7.Qc2 a6 8.Qxc4 b5
9.Qc2 Bb7 10.Bd2 Be4 11.Qc1 Nbd7 12.Ba5 Rc8 13.Nbd2 Ba8 14.Qc2 Qe8 15.b4 Bd6
16.Rac1 e5 17.dxe5 Nxe5 18.Nxe5 Bxg2 19.Kxg2 Qxe5 20.Nf3 Qe6 21.Rfd1  1/2-1/2

[Event "Christmas Master Open"]
[Site "Zurich SUI"]
[Date "2008.12.26"]
[Round "1"]
[White "Prohaszka,P2"]
[Black "Vogelbacher,G"]
[Result "1-0"]
[WhiteElo "2502"]
[BlackElo "2122"]

1.d4 Nf6 2.c4 e6 3.Nf3 d5 4.g3 Be7 5.Bg2 O-O 6.O-O dxc4 7.Qc2 a6 8.a4 c5
9.dxc5 Qa5 10.Nbd2 Qxc5 11.Nxc4 Nc6 12.Be3 Qh5 13.Nb6 Rb8 14.h3 e5 15.Ng5 Nd5
16.Nxd5 Bxg5 17.Bc5 Nd4 18.Bxd4 exd4 19.Qc5 Qxe2 20.Rfe1 Qxb2 21.Nc7 Bxh3
22.Qxg5 Bxg2 23.Kxg2 Rbd8 24.Nd5 h6 25.Nf6+ Kh8  1-0

[Event "World Open"]
[Site "Leon ESP"]
[Date "2008.12.28"]
[Round "8"]
[White "Andersson,U"]
[Black "Gomez Esteban,J"]
[Result "1-0"]
[WhiteElo "2562"]
[BlackElo "2498"]

1.Nf3 d5 2.d4 Nf6 3.c4 e6 4.g3 Be7 5.Bg2 O-O 6.O-O dxc4 7.Qc2 a6 8.Qxc4 b5
9.Qc2 Bb7 10.Bf4 Bd6 11.Nc3 Nbd7 12.Rfd1 Qb8 13.Ne5 Bxg2 14.Kxg2 Qb7+ 15.Kg1 Rac8
16.Nxd7 Nxd7 17.Ne4 Bxf4 18.gxf4 Qd5 19.e3 Qf5 20.Rac1 Qg4+ 21.Ng3 c5 22.dxc5 Rxc5
23.Qe2 Qh3 24.Rxc5 Nxc5 25.Qc2 Na4 26.Rd6 h5 27.b3 h4 28.bxa4 hxg3 29.hxg3 bxa4
30.Rxa6 Qh5 31.Rxa4 Rb8 32.Rc4  1-0

[Event "Czech Christmas"]
[Site "Litomysl CZE"]
[Date "2008.12.28"]
[Round "4"]
[White "Volodin,V"]
[Black "Trhal,T"]
[Result "1-0"]
[WhiteElo "2225"]
[BlackElo "2091"]

1.Nf3 d5 2.d4 Nf6 3.c4 e6 4.g3 Be7 5.Bg2 O-O 6.O-O b6 7.cxd5 Nxd5 8.Nc3 Nxc3
9.bxc3 Bb7 10.Qc2 Nd7 11.Ng5 Bxg5 12.Bxb7 Rb8 13.Bc6 Bxc1 14.Raxc1 Nf6 15.Qa4 a5
16.Bf3 Qd6 17.Rfd1 Rfd8 18.c4 c5 19.e3 e5 20.dxe5 Qxe5 21.Qc6 Rdc8 22.Qd6 Qe8
23.Rb1 Rd8 24.Qc7 Rxd1+ 25.Rxd1 Qc8 26.Qa7 Qf8 27.e4 Re8 28.Qxb6 Nxe4 29.Qxa5 f5
30.Qc7 Nc3 31.Rd7  1-0

[Event "Masters"]
[Site "Hastings ENG"]
[Date "2008.12.29"]
[Round "2"]
[White "Gordon,S"]
[Black "Briscoe,C"]
[Result "1-0"]
[WhiteElo "2521"]
[BlackElo "2253"]

1.d4 Nf6 2.c4 e6 3.g3 d5 4.Bg2 Be7 5.Nf3 O-O 6.O-O dxc4 7.Qc2 a6 8.Qxc4 b5
9.Qc2 Bb7 10.Bd2 Ra7 11.Rc1 Be4 12.Qb3 Nc6 13.e3 Qa8 14.Qd1 b4 15.Qf1 Rc8
16.Be1 Bd5 17.Nbd2 Ne4 18.Nxe4 Bxe4 19.Nd2 Bxg2 20.Qxg2 Na5 21.Nc4 Qxg2+
22.Kxg2 Nxc4 23.Rxc4 a5 24.a3 bxa3 25.bxa3 Rb8 26.Kf3 Kf8 27.Ke4 Ke8 28.a4 Kd7
29.Kd3 h5 30.Rcc1 g6 31.Rcb1 Rxb1 32.Rxb1 c6 33.Kc4 Bd6 34.e4 Kc8 35.h3 Be7
36.Bd2 Bd8 37.Bf4 Rb7 38.Rxb7 Kxb7 39.Bd2 Bb6 40.f3 Kc7 41.g4 f6 42.Be1 Kd6
43.Bg3+ Kd7 44.Bf4 Ke7 45.Bc1 Kd6 46.Ba3+ Kd7 47.Bc5 Bc7 48.gxh5 gxh5 49.Bf8 Bf4
50.Bc5 Bd2 51.d5 Be1 52.dxc6+ Kxc6 53.Be7 f5 54.exf5 exf5 55.Kd4 Kd7 56.Bg5 Kd6
57.Bf4+ Ke6 58.Kc4 Bb4 59.Kb5 Kd7 60.Be3 Kc7 61.Bb6+ Kd6 62.Bxa5 Bxa5 63.Kxa5 Kc5
64.f4  1-0

[Event "Masters"]
[Site "Hastings ENG"]
[Date "2008.12.30"]
[Round "3"]
[White "Flear,C"]
[Black "Kjartansson,G"]
[Result "1-0"]
[WhiteElo "2092"]
[BlackElo "2284"]

1.d4 Nf6 2.c4 e6 3.g3 d5 4.Bg2 Be7 5.Nf3 O-O 6.O-O dxc4 7.Qc2 a6 8.a4 Bd7
9.Qxc4 Bc6 10.Bg5 a5 11.Nc3 Na6 12.Bxf6 Bxf6 13.e4 Nb4 14.Rac1 b6 15.e5 Be7
16.Nb5 Qd7 17.Rfd1 Rfd8 18.Ne1 Bxg2 19.Nxg2 c6 20.Nc3 Rac8 21.h4 h6 22.Qe2 Qb7
23.Nf4 Rd7 24.Qg4 Kh8 25.Ne4 Bf8 26.Nh5 Rcc7 27.Nef6 Rd8 28.Qe4 g6 29.Nf4 Nd5
30.Nxg6+ fxg6 31.Qxg6 Rg7 32.Qxh6+ Rh7 33.Qg6 Qf7 34.Qxh7+ Qxh7 35.Nxh7 Kxh7
36.Rxc6 Re8 37.Rdc1 Bb4 38.Kg2 Kg6 39.Rc8 Re7 40.R1c6 Kf7 41.Rd8 Rb7 42.Rcc8 Ne7
43.Rb8 Rc7 44.Rf8+ Kg7 45.Rf6 Nc6 46.Rxb6 Nxd4 47.h5 Bc5 48.Ra6 Be7 49.Rg6+ Kf7
50.Rxa5 Rc2 51.Ra7 Rxb2 52.Rf6+ Ke8 53.Rh6 Nc6 54.Rc7 Nd8 55.Rh8+ Bf8 56.Rc8  1-0

[Event "Masters"]
[Site "Hastings ENG"]
[Date "2008.12.30"]
[Round "3"]
[White "Knott,S"]
[Black "Rocks,D"]
[Result "1-0"]
[WhiteElo "2348"]
[BlackElo "2129"]

1.Nf3 d5 2.d4 Nf6 3.c4 e6 4.g3 Be7 5.Bg2 O-O 6.O-O dxc4 7.Qc2 a6 8.Qxc4 b5
9.Qc2 Bb7 10.Bd2 Nbd7 11.Ba5 Rc8 12.Nbd2 Nb6 13.b4 Nfd5 14.a3 Nd7 15.e4 N5b6
16.Rfe1 Re8 17.Rad1 Nb8 18.Nb3 Nc4 19.Ne5 Nxa5 20.Nxa5 Ba8 21.Nec6 Nxc6 22.Nxc6 Bxc6
23.Qxc6 Qd6 24.e5 Qxc6 25.Bxc6 Red8 26.Rd3 Kf8 27.Rc1 Rb8 28.f4 g6 29.Kf2 f6
30.Rc2 f5 31.Ke3 h6 32.Rdc3 a5 33.bxa5 b4 34.Rb3 bxa3 35.Rxb8 Rxb8 36.a6 Rb2
37.a7 Rxc2 38.a8=Q+ Kg7 39.Qe8 Bf8 40.Qxe6 a2 41.Bd5  1-0

[Event "38th Rilton Cup 2008-9"]
[Site "Stockholm SWE"]
[Date "2008.12.30"]
[Round "4"]
[White "Maki Uuro,Mi"]
[Black "Eriksson,Jor"]
[Result "1-0"]
[WhiteElo "2382"]
[BlackElo "2217"]

1.Nf3 d5 2.c4 e6 3.g3 Nf6 4.Bg2 Be7 5.d4 O-O 6.O-O c5 7.cxd5 exd5 8.Nc3 Nc6
9.Bg5 c4 10.Ne5 Be6 11.Nxc6 bxc6 12.e3 h6 13.Bxf6 Bxf6 14.b3 c5 15.bxc4 dxc4
16.Ne4 cxd4 17.Nxf6+ gxf6 18.Bxa8 Qxa8 19.Qxd4 Bh3 20.e4 Bxf1 21.Rxf1 Qc6
22.Rc1 Rc8 23.Rc3 Kg7 24.Kf1 Qe6 25.Kg2 Qc6 26.Kf3 Rc7 27.h4 Qa4 28.e5 Qc6+
29.Kf4 fxe5+ 30.Qxe5+ f6 31.Qe4 Qc5 32.Kf3 Qh5+ 33.Kg2 Qc5 34.Kf1 Qb4 35.Qg4+ Kf7
36.Re3 Qb1+ 37.Kg2 Qb7+ 38.Kh2 Qd5 39.Qf4 Re7 40.Qxh6 Rxe3 41.Qxe3 Qd3 42.Qxa7+ Kg6
43.g4 Qe4 44.h5+ Kh6 45.Kg3 c3 46.Qf7 Qd3+ 47.f3 c2 48.Qxf6+ Kh7 49.g5 c1=Q
50.Qf7+ Kh8 51.Qf8+ Kh7 52.g6+ Qxg6+ 53.hxg6+ Kxg6 54.Qd6+ Kg7 55.Qe5+ Kg6
56.Qe4+ Kg7 57.Qd4+ Kh7 58.a4 Qe1+ 59.Kf4 Qc1+ 60.Kf5 Qc8+ 61.Kg5 Qc1+ 62.f4 Kg8
63.a5 Qc6 64.Qe5 Qg2+ 65.Kf6 Qg7+ 66.Ke6 Qf7+ 67.Kd6 Qf8+ 68.Kd7 Qf7+ 69.Kd8 Qc4
70.f5 Qd3+ 71.Ke8 Qf3 72.Qe6+ Kh8 73.a6 Qa8+ 74.Kf7 Qg8+ 75.Ke7 Qg7+ 76.Kd8 Qd4+
77.Ke8 Qg7 78.a7 Qa1 79.Qd7 Qa5 80.Qd4+ Kh7 81.Qh4+ Kg8 82.Qc4+ Kh8 83.f6 Qxa7
84.Qh4+ Kg8 85.Qg5+ Kh7 86.Qh5+ Kg8 87.f7+  1-0

[Event "Open A"]
[Site "Gjovik NOR"]
[Date "2009.01.02"]
[Round "5"]
[White "Pettersen,J"]
[Black "Larsen,TorKr"]
[Result "0-1"]
[WhiteElo "2016"]
[BlackElo "2105"]

1.d4 Nf6 2.c4 e6 3.g3 d5 4.Nf3 Be7 5.Bg2 O-O 6.O-O dxc4 7.Qc2 a6 8.Qxc4 b5
9.Qc2 Bb7 10.Bd2 Be4 11.Qc1 Nd5 12.Ba5 Nd7 13.Nbd2 Bg6 14.a3 Qe8 15.e4 N5b6
16.Qxc7 Rc8 17.Qb7 Nc4 18.Nxc4 bxc4 19.Nd2 e5 20.Bh3 f5 21.Qxa6 Rf6 22.Qb5 exd4
23.Nxc4 Rc5 24.Qa4 Rfc6 25.Rac1 fxe4 26.Bxd7 Qxd7 27.Ne5 Rxe5 28.Rxc6 Rxa5
29.Qc4+ Bf7 30.Rc8+ Bd8 31.Qc2 Be6 32.Rb8 d3 33.Qc3 Rd5 34.Qd2 Qc7 35.Ra8 Qb7
36.Ra4 Rb5 37.Rd4 Bf6 38.Rd6 Bh3 39.Rc1 e3 40.fxe3 Rxb2  0-1

[Event "38th Rilton Cup 2008-9"]
[Site "Stockholm SWE"]
[Date "2009.01.02"]
[Round "6"]
[White "Gleizerov,E"]
[Black "Willemze,T"]
[Result "1-0"]
[WhiteElo "2545"]
[BlackElo "2417"]

1.d4 Nf6 2.c4 e6 3.g3 d5 4.Nf3 Be7 5.Bg2 O-O 6.O-O dxc4 7.Qc2 a6 8.a4 Bd7
9.Rd1 Bc6 10.Nc3 Bb4 11.Bg5 Bxc3 12.Bxf6 Qxf6 13.bxc3 Nd7 14.Qa2 a5 15.Qxc4 Nb6
16.Qb3 Bd5 17.Qc2 Qf5 18.Qxf5 exf5 19.Ne5 Bxg2 20.Kxg2 f6 21.Nd3 Rfe8 22.e3 Nc4
23.Rab1 b6 24.Nb2 Nd6 25.c4 g5 26.Nd3 Nxc4 27.Rdc1 Nxe3+ 28.fxe3 Rxe3 29.Nf2 Re7
30.Rb5 Rd8 31.Rc4 Rd6 32.Rxf5 Red7 33.Ne4 Rxd4 34.Nxf6+ Kg7 35.Nxd7 Rxc4
36.Rxg5+  1-0

[Event "38th Rilton Cup 2008-9"]
[Site "Stockholm SWE"]
[Date "2009.01.04"]
[Round "8"]
[White "Gleizerov,E"]
[Black "Wojtaszek,R"]
[Result "1/2-1/2"]
[WhiteElo "2545"]
[BlackElo "2599"]

1.d4 Nf6 2.c4 e6 3.g3 d5 4.Nf3 Be7 5.Bg2 O-O 6.O-O dxc4 7.Qc2 a6 8.a4 Bd7
9.Qxc4 Bc6 10.Bg5 Bd5 11.Qd3 Be4 12.Qe3 Nbd7 13.Nc3 Bxf3 14.Qxf3 c6 15.e4 Qa5
16.h4 h6 17.Be3 e5 18.Rfd1  1/2-1/2

[Event "14th Open"]
[Site "Bosnjaci CRO"]
[Date "2009.01.05"]
[Round "4"]
[White "Saric,A"]
[Black "Brkic,Zd"]
[Result "1-0"]
[WhiteElo "2514"]
[BlackElo "2005"]

1.d4 e6 2.c4 d5 3.Nf3 Nf6 4.g3 Be7 5.Bg2 O-O 6.O-O dxc4 7.Qc2 a6 8.a4 Bd7
9.Rd1 Bc6 10.Nc3 Nd5 11.e4 Nb4 12.Qe2 Nd7 13.d5 exd5 14.exd5  1-0

[Event "TCh-HUN 2008-9"]
[Site "Budapest HUN"]
[Date "2009.01.11"]
[Round "5"]
[White "Almasi,I"]
[Black "Izsak,Gyu"]
[Result "1/2-1/2"]
[WhiteElo "2399"]
[BlackElo "2434"]

1.d4 Nf6 2.c4 e6 3.g3 d5 4.Bg2 Be7 5.Nf3 O-O 6.O-O dxc4 7.Qc2 a6 8.a4 c5
9.dxc5 Qc7 10.Na3 Bxc5 11.Nxc4 Nc6 12.Bf4 Qe7 13.Rad1  1/2-1/2

[Event "Open A"]
[Site "Prague CZE"]
[Date "2009.01.15"]
[Round "8"]
[White "Grabarczyk,M"]
[Black "Kjartansson,G"]
[Result "1/2-1/2"]
[WhiteElo "2477"]
[BlackElo "2365"]

1.d4 Nf6 2.c4 e6 3.Nf3 d5 4.g3 Be7 5.Bg2 O-O 6.O-O dxc4 7.Qc2 a6 8.Qxc4 b5
9.Qc2 Bb7 10.Bd2 Be4 11.Qc1 Bb7 12.Bf4 Bd6 13.Nbd2 Nd5 14.Bxd6 cxd6 15.e4 Ne7
16.Qc3 Nd7 17.Rac1 Qb6 18.Qc7 Rfd8 19.Qxb6 Nxb6 20.Rc7 Rd7 21.Rfc1 Rc8 22.Rxc8+ Nexc8
23.Bh3 Na8 24.d5 Rc7 25.Rxc7 Nxc7 26.dxe6 Nxe6 27.Bxe6 fxe6 28.Nd4 e5 29.N4b3 Nb6
30.Na5 Ba8 31.b4  1/2-1/2

[Event "TCh-BEL 2008-9"]
[Site "Belgium BEL"]
[Date "2009.01.18"]
[Round "7"]
[White "Fridman,D2"]
[Black "Bedouin,X"]
[Result "1-0"]
[WhiteElo "2630"]
[BlackElo "2403"]

1.d4 d5 2.c4 e6 3.Nf3 Nf6 4.g3 Be7 5.Bg2 O-O 6.Qc2 c5 7.dxc5 Qa5+ 8.Nc3 Qxc5
9.cxd5 Nxd5 10.Ng5 Nf6 11.Be3 Qc7 12.Rc1 Nc6 13.O-O h6 14.Nge4 Nxe4 15.Qxe4 Bd7
16.Rfd1 Rad8 17.Nd5 exd5 18.Qxe7 Qa5 19.Rxd5 Qxa2 20.Rxc6 bxc6 21.Rxd7 Rxd7
22.Qxd7 Qxb2 23.Bxc6 Qxe2 24.Kg2 a5 25.Bc5 Rb8 26.Bd6 Rb2 27.Qc8+ Kh7 28.Qf5+ Kg8
29.Be5 Rb4 30.Bd5  1-0

[Event "TCh-BEL 2008-9"]
[Site "Belgium BEL"]
[Date "2009.01.18"]
[Round "7"]
[White "Van Heirzeele,D"]
[Black "Bogoevski,J"]
[Result "1/2-1/2"]
[WhiteElo "2207"]
[BlackElo "2285"]

1.d4 Nf6 2.c4 e6 3.g3 d5 4.Nf3 Be7 5.Bg2 O-O 6.O-O Nbd7 7.Qc2 c6 8.b3 b5
9.c5 Ne4 10.Bb2 f5 11.Nbd2 a5 12.a3 Bf6 13.Nxe4 fxe4 14.Ne5 Bxe5 15.dxe5 Qg5
16.Qc3 b4 17.axb4 axb4 18.Qd4 Ba6 19.Rfe1 Bb5 20.f3 Rxa1 21.Rxa1 Bxe2 22.fxe4 Bg4
23.exd5 exd5 24.Rf1 Be6 25.Rxf8+ Kxf8 26.Qxb4 Qe3+ 27.Kh1 Kf7 28.Bd4 Qc1+
29.Bg1 Nxe5 30.h3 h6 31.Qd4 Qg5 32.g4 Qf6 33.b4 Ng6 34.Qxf6+ Kxf6 35.Bd4+ Kf7
36.Kh2 Nf4 37.Bf1 Bd7 38.Kg1 g5 39.Be5 Ng6 40.Bd4 Nf4  1/2-1/2

[Event "TCh-BEL 2008-9"]
[Site "Belgium BEL"]
[Date "2009.01.18"]
[Round "7"]
[White "Hausrath,D"]
[Black "Hovhanisian,M"]
[Result "1-0"]
[WhiteElo "2493"]
[BlackElo "2460"]

1.Nf3 Nf6 2.g3 d5 3.Bg2 e6 4.d4 Be7 5.c4 O-O 6.Qc2 Nbd7 7.O-O c6 8.Rd1 b6
9.b3 Bb7 10.Nc3 Rc8 11.e4 dxe4 12.Nxe4 Nxe4 13.Qxe4 b5 14.Bf4 bxc4 15.bxc4 Ba6
16.Qc2 Nb6 17.Ne5 Bd6 18.Be4 f5 19.Bg2 Bxe5 20.dxe5 Qe7 21.a4 Rfd8 22.Rxd8+ Rxd8
23.a5 Nxc4 24.Bf1 Na3 25.Qc1 Bxf1 26.Bg5 Qf8 27.Bxd8 Bb5 28.Bc7 Nc4 29.Qd1 h6
30.Qd7 Qf7 31.Qxf7+ Kxf7 32.a6 Nd2 33.Ra3 Ne4 34.Bb6 Bxa6 35.Rxa6 axb6 36.Rxb6 g5
37.Rxc6 g4 38.h4 Nd2 39.Rc7+ Kg6 40.Re7 Nf3+ 41.Kf1 Nd4 42.Ke1 f4 43.gxf4 Kf5
44.Rf7+ Ke4 45.h5 Nf5 46.Rf6 Kxf4 47.Rxe6 Nd4 48.Rxh6 Kxe5 49.Rg6 Kf5 50.Rg8 Nf3+  1-0

[Event "TCh-BEL 2008-9"]
[Site "Belgium BEL"]
[Date "2009.01.18"]
[Round "7"]
[White "Van der Stricht,G"]
[Black "Erwich,M"]
[Result "1/2-1/2"]
[WhiteElo "2380"]
[BlackElo "2415"]

1.d4 Nf6 2.c4 e6 3.g3 d5 4.Nf3 Be7 5.Bg2 O-O 6.O-O b6 7.cxd5 exd5 8.Nc3 Bb7
9.Qc2 Na6 10.Rd1 c5 11.Bg5 Qe8 12.e3 Rd8 13.dxc5 Nxc5 14.Nh4 Nfe4 15.Bxe7 Qxe7
16.b4 Na6 17.Nxe4 dxe4 18.a3 Qe5 19.Bh3 Nc7 20.Rxd8 Rxd8 21.Rd1 Rxd1+ 22.Qxd1 g6
23.Bf1 a5 24.bxa5 bxa5 25.Qb3 Bd5 26.Qb8+ Kg7 27.Ng2 g5 28.h4 h6 29.hxg5 hxg5
30.Qb6 Qc3 31.Qd6 Be6 32.Qe7 Kg6 33.Qd8 Nd5 34.Qg8+ Kf6 35.Qd8+ Kg6 36.Qg8+ Kf6  1/2-1/2

[Event "Petrovskaya Ladya GM2"]
[Site "Peterhof RUS"]
[Date "2009.01.19"]
[Round "8"]
[White "Yevseev,D"]
[Black "Khuseinkhodzhaev,M"]
[Result "1/2-1/2"]
[WhiteElo "2538"]
[BlackElo "2373"]

1.Nf3 Nf6 2.c4 e6 3.g3 d5 4.d4 Be7 5.Bg2 O-O 6.O-O dxc4 7.Ne5 c5 8.dxc5 Qc7
9.Nxc4 Qxc5 10.Nba3 Rd8 11.Qb3 Nc6 12.Be3 Qh5 13.Rad1 Ng4 14.Rxd8+ Nxd8 15.h3 Nxe3
16.Qxe3 Bd7 17.Ne5 Be8 18.g4 Qh4 19.Rc1 h5 20.Nf3 Qf6 21.Nc4 hxg4 22.hxg4 Nc6
23.Nfe5 Nxe5 24.Nxe5 Bd6 25.f4 Qe7 26.g5  1/2-1/2